[Event "DSM WK M 2009"]
[Site "Karlsruhe GER"]
[Date "2009.05.16"]
[Round "3"]
[White "Nguyen, Michelle"]
[Black "Schweiger, Lauralie"]
[Result "1-0"]
[Termination "normal"]
[Board "8.4"]
[WhiteElo "800"]
[BlackElo "964"]
[WhiteTeam "Mallinckrodt-Gymnasium Dortmund"]
[BlackTeam "Gymnasium Neureut"]
[PlyCount "61"]
[EventCountry "GER"]
[EventRounds "7"]
[EventType "team-swiss"]
[EventDate "2009.05.15"]

1. e4 c6 2. d4 d5 3. Bd3 Nf6 4. Nc3 b6 5. Nf3 Bb7 6. O-O e6 7. Re1 c5 8. Bg5 c4
9. Be2 Be7 10. b3 cxb3 11. cxb3 dxe4 12. Ne5 O-O 13. Bg4 Nxg4 14. Nxg4 Bxg5 15.
a4 Nd7 16. Nxe4 Bxe4 17. Rxe4 Nf6 18. Nxf6+ Bxf6 19. Qd3 e5 20. d5 Be7 21. Rxe5
Qd6 22. Rae1 Rad8 23. Rxe7 Qxd5 24. Qc2 h6 25. R7e3 b5 26. axb5 Qxb5 27. Qc1
Rd3 28. Re8 Rxb3 29. Rxf8+ Kxf8 30. Qc8+ Qe8 31. Qxe8# 1-0

[Event "DSM WK M 2009"]
[Site "Karlsruhe GER"]
[Date "2009.05.16"]
[Round "3"]
[White "Morawiak, Vivien"]
[Black "Ebel, Britta"]
[Result "0-1"]
[Termination "normal"]
[Board "9.1"]
[WhiteElo "800"]
[BlackElo "938"]
[WhiteTeam "Katholische Schule St. Marien Berlin"]
[BlackTeam "Trave-Gymnasium Lübeck"]
[PlyCount "102"]
[EventCountry "GER"]
[EventRounds "7"]
[EventType "team-swiss"]
[EventDate "2009.05.15"]

1. d4 d5 2. c4 e5 3. e3 e4 4. cxd5 Qxd5 5. Nc3 Bb4 6. a3 Bxc3+ 7. bxc3 Nf6 8.
f3 exf3 9. Nxf3 O-O 10. Bd3 Bg4 11. O-O Nc6 12. Rb1 Ne7 13. Rb5 Qc6 14. Qc2
Bxf3 15. gxf3 a6 16. Re5 Ng6 17. Bxg6 fxg6 18. Qb3+ Kh8 19. e4 Nh5 20. Re6 Qb5
21. Qxb5 axb5 22. Re7 Rac8 23. e5 b6 24. e6 c5 25. d5 Rcd8 26. Rd1 Rxf3 27. Kg2
Rdf8 28. Rf7 R8xf7 29. exf7 Rxf7 30. d6 Rd7 31. Re1 Nf6 32. Bf4 h6 33. Be5 Ne8
34. h4 Nxd6 35. Bxd6 Rxd6 36. Re8+ Kh7 37. Kg3 Rd3+ 38. Kg4 Rxc3 39. Rb8 Rxa3
40. Rxb6 b4 41. Rd6 b3 42. Rd1 b2 43. Rb1 Rb3 44. Kf4 c4 45. Ke4 c3 46. Kd4 c2
47. Kc4 cxb1=Q 48. Kxb3 g5 49. hxg5 hxg5 50. Kc3 Qc1+ 51. Kb4 b1=Q+ 0-1

[Event "DSM WK M 2009"]
[Site "Karlsruhe GER"]
[Date "2009.05.16"]
[Round "3"]
[White "Schütt, Sinja"]
[Black "Danicka, Karolina"]
[Result "0-1"]
[Termination "normal"]
[Board "9.2"]
[WhiteElo "800"]
[BlackElo "800"]
[WhiteTeam "Trave-Gymnasium Lübeck"]
[BlackTeam "Katholische Schule St. Marien Berlin"]
[PlyCount "68"]
[EventCountry "GER"]
[EventRounds "7"]
[EventType "team-swiss"]
[EventDate "2009.05.15"]

1. e4 e5 2. Nf3 Nc6 3. d4 exd4 4. Bg5 f6 5. Bh4 Bd6 6. Bb5 Ne5 7. O-O Ne7 8.
Nxd4 c5 9. Nf5 Nxf5 10. g3 Nxh4 11. gxh4 O-O 12. Qxd6 a6 13. Ba4 b5 14. Bb3+ c4
15. f4 Nf7 16. Qd5 Rb8 17. e5 cxb3 18. axb3 Bb7 19. Qd3 fxe5 20. fxe5 Nxe5 21.
Qd4 Nf3+ 22. Rxf3 Rxf3 23. Nd2 Rf7 24. Ne4 Bxe4 25. Qxe4 d5 26. Qe1 Re7 27. Qf2
Qf8 28. Qg2 Qf7 29. Rxa6 Re6 30. Ra1 Re4 31. c4 Rxh4 32. Qg3 Qg6 33. Kh1 Qxg3
34. Rg1 Qxh2# 0-1

[Event "DSM WK M 2009"]
[Site "Karlsruhe GER"]
[Date "2009.05.16"]
[Round "3"]
[White "v. Chamier, Angelika"]
[Black "Teege, Laura"]
[Result "1-0"]
[Termination "normal"]
[Board "9.3"]
[WhiteElo "800"]
[BlackElo "800"]
[WhiteTeam "Katholische Schule St. Marien Berlin"]
[BlackTeam "Trave-Gymnasium Lübeck"]
[PlyCount "121"]
[EventCountry "GER"]
[EventRounds "7"]
[EventType "team-swiss"]
[EventDate "2009.05.15"]

1. e4 e5 2. d3 Nf6 3. Nf3 Nc6 4. Nc3 Bb4 5. Be2 Ng4 6. Ng5 d6 7. a3 Bc5 8. Bd2
Bxf2+ 9. Kf1 Qf6 10. Bxg4 Bd4+ 11. Bf5 Bxf5 12. Nf3 Bg4 13. Nd5 Qd8 14. Bg5 Qc8
15. c3 Bc5 16. Qd2 O-O 17. Bh4 Na5 18. Qc2 Qd7 19. d4 exd4 20. cxd4 Bb6 21. e5
c5 22. b4 Qe6 23. Nf4 Qd5 24. Nxd5 Bd8 25. Be1 Nc6 26. Qd3 Bxf3 27. gxf3 Nxd4
28. Bc3 Ne6 29. Bb2 Re8 30. exd6 f6 31. d7 Rf8 32. Nxf6+ gxf6 33. f4 Nxf4 34.
Qc3 Nd5 35. Qxc5 Ne7 36. Qc4+ Kg7 37. Bc1 h5 38. Rg1+ Ng6 39. Qd3 f5 40. Ra2
Rb8 41. Bd2 Rf7 42. Be3 Ra8 43. Rf2 b6 44. Rxf5 Re7 45. Rf3 Re6 46. Bd2 a6 47.
Re3 Rf6+ 48. Ke2 h4 49. Rf3 h3 50. Bc3 a5 51. Bxf6+ Bxf6 52. Qxg6+ Kf8 53.
Rxf6+ Ke7 54. Rf3 Kxd7 55. Rc3 Rc8 56. Qd3+ Ke8 57. Rg3 Rd8 58. Re3+ Kf8 59.
Qf5+ Kg7 60. Rg3+ Kh6 61. Qxh3# 1-0

[Event "DSM WK M 2009"]
[Site "Karlsruhe GER"]
[Date "2009.05.16"]
[Round "3"]
[White "Eifert, Pia"]
[Black "v. Chamier, Jessica"]
[Result "1/2-1/2"]
[Termination "normal"]
[Board "9.4"]
[WhiteElo "800"]
[BlackElo "800"]
[WhiteTeam "Trave-Gymnasium Lübeck"]
[BlackTeam "Katholische Schule St. Marien Berlin"]
[PlyCount "23"]
[EventCountry "GER"]
[EventRounds "7"]
[EventType "team-swiss"]
[EventDate "2009.05.15"]

1. e4 e5 2. Nf3 Bc5 3. Bc4 Nc6 4. d3 d6 5. c3 Nf6 6. Qb3 Bd7 7. Bxf7+ Ke7 8.
Bg5 Rf8 9. Bc4 Na5 10. Qxb7 Nxb7 11. O-O Bc6 12. d4 {und es folgte irregulär
12...Sxe4 13.dxe5 dxe5 14.Sxe5 Kd7 15.Lxd8 Kc8 16.Sxc6 Sxd8 und im 36. Zug:}
1/2-1/2

[Event "DSM WK M 2009"]
[Site "Karlsruhe GER"]
[Date "2009.05.17"]
[Round "4"]
[White "Berger, Nadja"]
[Black "Kickert, Germaine Helene"]
[Result "1-0"]
[Termination "normal"]
[Board "1.1"]
[WhiteElo "1579"]
[BlackElo "1926"]
[WhiteTeam "Friedrich-Dessauer-Gymnasium Aschaffenburg"]
[BlackTeam "Mariengymnasium Jever"]
[PlyCount "88"]
[WhiteFideId "24692212"]
[BlackFideId "24614890"]
[EventCountry "GER"]
[EventRounds "7"]
[EventType "team-swiss"]
[EventDate "2009.05.15"]

1. e4 c5 2. Nc3 Nc6 3. g3 g6 4. Bg2 Bg7 5. d3 e6 6. Be3 d6 7. Qd2 Nge7 8. f4
Rb8 9. Nf3 Nd4 10. O-O O-O 11. Nd1 Nxf3+ 12. Bxf3 b6 13. c3 Ba6 14. Re1 d5 15.
d4 dxe4 16. Bxe4 cxd4 17. Bxd4 Bxd4+ 18. cxd4 Qd6 19. Nc3 Rfd8 20. Rad1 Rd7 21.
d5 Rbd8 22. Qg2 Qc5+ 23. Qf2 Qxf2+ 24. Kxf2 exd5 25. Bd3 Bxd3 26. Rxd3 Kg7 27.
Red1 h5 28. h3 Kf6 29. g4 hxg4 30. hxg4 Ke6 31. Re1+ Kf6 32. Red1 g5 33. Ne4+
Kg6 34. Nxg5 Nc6 35. a3 Na5 36. Nf3 Kf6 37. Ne5 Rc7 38. Rxd5 Rc2+ 39. Ke3 Rxd5
40. Rxd5 Rxb2 41. g5+ Ke6 42. Rd7 Nc4+ 43. Nxc4 Rb3+ 44. Rd3 Rxd3+ 1-0

[Event "DSM WK M 2009"]
[Site "Karlsruhe GER"]
[Date "2009.05.17"]
[Round "4"]
[White "Siewert, Jessica"]
[Black "Stolcz, Bianca"]
[Result "0-1"]
[Termination "normal"]
[Board "1.2"]
[WhiteElo "905"]
[BlackElo "1435"]
[WhiteTeam "Mariengymnasium Jever"]
[BlackTeam "Friedrich-Dessauer-Gymnasium Aschaffenburg"]
[PlyCount "96"]
[BlackFideId "24654914"]
[EventCountry "GER"]
[EventRounds "7"]
[EventType "team-swiss"]
[EventDate "2009.05.15"]

1. e4 c5 2. Nc3 d6 3. g3 Nc6 4. Bg2 Nf6 5. d3 e6 6. f4 d5 7. e5 Nd7 8. Nb5 a6
9. Nd6+ Bxd6 10. exd6 Nf6 11. Qe2 Qxd6 12. Nf3 Nd7 13. f5 O-O 14. fxe6 fxe6 15.
Bf4 e5 16. Bd2 b5 17. O-O Nf6 18. h3 e4 19. dxe4 Nxe4 20. Bf4 Qd7 21. Ne5 Nxe5
22. Bxe5 Bb7 23. Bf4 Rae8 24. Qg4 Qxg4 25. hxg4 h6 26. Kh2 g5 27. Bc7 Nf2 28.
Bh3 Re2 29. Rac1 Nd3+ 30. Kg1 Nxc1 31. Rxc1 Rff2 32. a3 Rxc2 33. Rxc2 Rxc2 34.
b4 c4 35. Bb6 c3 36. Bf1 Ra2 37. Bd3 c2 38. Be3 Rxa3 39. Bxc2 Rxe3 40. Kf2 d4
41. Bb3+ Rxb3 42. Ke2 Bf3+ 43. Kd2 Rc3 44. Ke1 Rc2 45. Kf1 Re2 46. Kg1 d3 47.
Kf1 d2 48. Kg1 d1=Q# 0-1

[Event "DSM WK M 2009"]
[Site "Karlsruhe GER"]
[Date "2009.05.17"]
[Round "4"]
[White "Künstler, Tabea"]
[Black "Scherf, Anna-Maria"]
[Result "1-0"]
[Termination "normal"]
[Board "1.3"]
[WhiteElo "1106"]
[BlackElo "800"]
[WhiteTeam "Friedrich-Dessauer-Gymnasium Aschaffenburg"]
[BlackTeam "Mariengymnasium Jever"]
[PlyCount "111"]
[EventCountry "GER"]
[EventRounds "7"]
[EventType "team-swiss"]
[EventDate "2009.05.15"]

1. e4 e5 2. Nf3 Nc6 3. d4 f6 4. dxe5 fxe5 5. Bc4 Nf6 6. Ng5 Qe7 7. Nc3 h6 8.
Nf3 Qc5 9. Bd5 Ng4 10. Qe2 d6 11. h3 Nf6 12. Be3 Nd4 13. Qd1 Nxf3+ 14. Qxf3 Qb4
15. Rb1 Nxd5 16. exd5 h5 17. Qe4 Qxe4 18. Nxe4 Bf5 19. f3 O-O-O 20. Kd2 Bxe4
21. fxe4 c6 22. c4 g6 23. Bxa7 Bh6+ 24. Be3 Bxe3+ 25. Kxe3 Rhf8 26. Rhf1 Rxf1
27. Rxf1 Kc7 28. Rf6 Ra8 29. a3 Rg8 30. b3 g5 31. Rf5 h4 32. Kf3 Kb6 33. b4 c5
34. Kg4 cxb4 35. axb4 Rc8 36. c5+ dxc5 37. bxc5+ Kxc5 38. Rxg5 b5 39. Rf5 b4
40. Rf1 b3 41. Rc1+ Kb4 42. Rxc8 Ka3 43. Rb8 b2 44. d6 Ka2 45. d7 b1=Q 46. Rxb1
Kxb1 47. d8=Q Kc2 48. Kf3 Kc3 49. Qd5 Kb4 50. Qc6 Ka5 51. Qb7 Ka4 52. Ke3 Ka3
53. Kd2 Ka4 54. Kc3 Ka5 55. Kc4 Ka4 56. Qb4# 1-0

[Event "DSM WK M 2009"]
[Site "Karlsruhe GER"]
[Date "2009.05.17"]
[Round "4"]
[White "Freesemann, Tanja"]
[Black "Schwind, Clara"]
[Result "1/2-1/2"]
[Termination "normal"]
[Board "1.4"]
[WhiteElo "800"]
[BlackElo "1018"]
[WhiteTeam "Mariengymnasium Jever"]
[BlackTeam "Friedrich-Dessauer-Gymnasium Aschaffenburg"]
[PlyCount "96"]
[BlackFideId "12964581"]
[EventCountry "GER"]
[EventRounds "7"]
[EventType "team-swiss"]
[EventDate "2009.05.15"]

1. e4 c5 2. Nc3 Nc6 3. g3 Nf6 4. Bg2 g6 5. d3 Bg7 6. Nf3 d6 7. Bd2 O-O 8. O-O
d5 9. Ng5 dxe4 10. Ngxe4 Nxe4 11. Bxe4 Bh3 12. Re1 h5 13. Qe2 Bg4 14. f3 Nd4
15. Qd1 Bc8 16. Rb1 a5 17. Nd5 e6 18. Nf4 Rb8 19. c3 Nb5 20. Be3 b6 21. Rc1 Bb7
22. Bf2 Bxe4 23. Rxe4 Nc7 24. Qd2 Bh6 25. Be3 Re8 26. Nxh5 Bxe3+ 27. Qxe3 Rf8
28. Qh6 Ne8 29. d4 cxd4 30. Rxd4 Qe7 31. Rcd1 Rc8 32. Kg2 e5 33. Rd7 Qc5 34.
Rd8 Rxd8 35. Rxd8 gxh5 36. Qg5+ Ng7 37. Rd2 Qc6 38. Qxe5 Re8 39. Qf4 Qe6 40.
Kf2 Qe1+ 41. Kg2 Re2+ 42. Rxe2 Qxe2+ 43. Kh3 Qe6+ 44. Kg2 Qe2+ 45. Kh3 Qe6+ 46.
Kg2 Qe2+ 47. Kg1 Qe1+ 48. Kg2 Qe2+ 1/2-1/2

[Event "DSM WK M 2009"]
[Site "Karlsruhe GER"]
[Date "2009.05.17"]
[Round "4"]
[White "Raab, Helen"]
[Black "Klinger, Jacquelin"]
[Result "0-1"]
[Termination "normal"]
[Board "2.1"]
[WhiteElo "1587"]
[BlackElo "1329"]
[WhiteTeam "Otto-Schott-Gymnasium Mainz-Gonsenheim"]
[BlackTeam "Märkische Schule Wattenscheid"]
[PlyCount "60"]
[WhiteFideId "24653608"]
[EventCountry "GER"]
[EventRounds "7"]
[EventType "team-swiss"]
[EventDate "2009.05.15"]

1. e4 c5 2. Nf3 e6 3. d4 Nf6 4. e5 Nd5 5. c3 cxd4 6. cxd4 d6 7. Nc3 Nc7 8. Be3
Be7 9. Bc4 dxe5 10. Nxe5 O-O 11. f4 Nd7 12. O-O Nf6 13. Qf3 Rb8 14. Rad1 b5 15.
Nc6 Bb7 16. Nxb5 Nxb5 17. Bxb5 Bxc6 18. Qxc6 Rb6 19. Qc4 Qd5 20. a4 Qxc4 21.
Bxc4 Rxb2 22. d5 exd5 23. Bxd5 Rb4 24. Bc6 a6 25. Rc1 Rc8 26. Rfe1 h6 27. g3
Ng4 28. Bd2 Rb2 29. Bc3 Bc5+ 30. Kf1 Rf2+ 0-1

[Event "DSM WK M 2009"]
[Site "Karlsruhe GER"]
[Date "2009.05.17"]
[Round "4"]
[White "Rohm, Marlena"]
[Black "Efinger, Leila"]
[Result "0-1"]
[Termination "normal"]
[Board "2.2"]
[WhiteElo "1466"]
[BlackElo "956"]
[WhiteTeam "Märkische Schule Wattenscheid"]
[BlackTeam "Otto-Schott-Gymnasium Mainz-Gonsenheim"]
[PlyCount "119"]
[WhiteFideId "12931632"]
[BlackFideId "12931705"]
[EventCountry "GER"]
[EventRounds "7"]
[EventType "team-swiss"]
[EventDate "2009.05.15"]

1. d4 d5 2. c4 c6 3. cxd5 cxd5 4. Nc3 Nf6 5. Bg5 Bf5 6. Qb3 Qd7 7. Bxf6 exf6 8.
Qxd5 Qxd5 9. Nxd5 Bd6 10. Rc1 O-O 11. Nc7 Bxc7 12. Rxc7 b6 13. e3 Nd7 14. Bb5
Rfd8 15. Ne2 a6 16. Bc4 b5 17. Bd5 Rac8 18. Rxc8 Rxc8 19. Kd2 Rc2+ 20. Kd1 Rxb2
21. e4 Be6 22. Bxe6 fxe6 23. a3 Ra2 24. Nc1 Rxf2 25. g3 Nb6 26. Nd3 Ra2 27. g4
Rxa3 28. Kc2 Ra2+ 29. Kb3 Rg2 30. Nc5 Rxg4 31. Nxe6 Rxe4 32. Nc7 Rxd4 33. Nxa6
Kf7 34. Re1 Rd2 35. Nc7 Rxh2 36. Nxb5 Rd2 37. Re4 h5 38. Nd4 g5 39. Nf5 Kg6 40.
Ne7+ Kh6 41. Nf5+ Kg6 42. Ne7+ Kf7 43. Nf5 h4 44. Nxh4 gxh4 45. Rxh4 f5 46.
Rh7+ Kg6 47. Rb7 Nd5 48. Kc4 Ne3+ 49. Kc3 Rd1 50. Rb6+ Kg5 51. Rb5 Kg4 52. Rb8
Kf3 53. Re8 f4 54. Rf8 Kg3 55. Rg8+ Kf2 56. Rf8 f3 57. Rh8 Kg1 58. Rf8 f2 59.
Rg8+ Kf1 60. Rh8 0-1

[Event "DSM WK M 2009"]
[Site "Karlsruhe GER"]
[Date "2009.05.17"]
[Round "4"]
[White "Beck, Clara"]
[Black "Berger, Melanie"]
[Result "0-1"]
[Termination "normal"]
[Board "2.3"]
[WhiteElo "758"]
[BlackElo "1395"]
[WhiteTeam "Otto-Schott-Gymnasium Mainz-Gonsenheim"]
[BlackTeam "Märkische Schule Wattenscheid"]
[PlyCount "118"]
[EventCountry "GER"]
[EventRounds "7"]
[EventType "team-swiss"]
[EventDate "2009.05.15"]

1. e4 e5 2. Nf3 Nc6 3. d4 exd4 4. Nxd4 Bc5 5. Be3 Qf6 6. Nxc6 Qxc6 7. Nc3 Bxe3
8. fxe3 Ne7 9. Qd4 O-O 10. O-O-O Ng6 11. Bb5 Qb6 12. Bxd7 Rd8 13. Qxb6 axb6 14.
Bf5 Re8 15. Bxg6 hxg6 16. Rhf1 c6 17. h4 Bg4 18. Rd4 Ra5 19. Rf4 Be6 20. a3 g5
21. hxg5 Rxg5 22. Rf2 Bc8 23. Na4 Rg6 24. Nxb6 c5 25. Rc4 Rxb6 26. Rxc5 Rbe6
27. Rf4 Re5 28. Rc7 R5e7 29. Rc5 Bd7 30. Rc7 Bc6 31. Rxe7 Rxe7 32. g4 Bxe4 33.
g5 Re5 34. Rg4 Bc6 35. Rg3 Rd5 36. b4 Rd8 37. g6 f6 38. Rg4 Bf3 39. Rd4 Rxd4
40. exd4 Bh5 41. d5 Bxg6 42. d6 Be8 43. Kd1 g5 44. Ke2 g4 45. Kf2 f5 46. Kg3
Kf7 47. c4 b6 48. c5 bxc5 49. bxc5 Ke6 50. Kf4 Kd5 51. Kxf5 g3 52. Kf4 g2 53.
Kf3 g1=Q 54. Ke2 Bb5+ 55. Kf3 Qf1+ 56. Ke3 Qd3+ 57. Kf4 Qe4+ 58. Kg5 Qf3 59.
Kg6 Ke6 0-1

[Event "DSM WK M 2009"]
[Site "Karlsruhe GER"]
[Date "2009.05.17"]
[Round "4"]
[White "Müller, Laura Margarita"]
[Black "Woider, Stella"]
[Result "1-0"]
[Termination "normal"]
[Board "2.4"]
[WhiteElo "1432"]
[BlackElo "762"]
[WhiteTeam "Märkische Schule Wattenscheid"]
[BlackTeam "Otto-Schott-Gymnasium Mainz-Gonsenheim"]
[PlyCount "81"]
[WhiteFideId "12917923"]
[EventCountry "GER"]
[EventRounds "7"]
[EventType "team-swiss"]
[EventDate "2009.05.15"]

1. d4 d5 2. c4 dxc4 3. e3 Nf6 4. Bxc4 Bf5 5. Nf3 Nc6 6. O-O e6 7. Bd2 Bd6 8.
Bb5 O-O 9. Bxc6 bxc6 10. Qc1 Be4 11. Ne5 Qe8 12. f3 Bxb1 13. Rxb1 c5 14. Ba5
cxd4 15. exd4 Nd5 16. Re1 Rc8 17. Qc6 Qe7 18. Rbc1 Qg5 19. Rc2 Qf4 20. Re4 Qf5
21. Bd2 Qh5 22. h3 f5 23. Re1 Qh4 24. Qd7 Bxe5 25. Qxe6+ Kh8 26. Qxe5 Rce8 27.
Qxe8 Qf6 28. Qe5 c6 29. Qxf6 Nxf6 30. Rxc6 h6 31. Re7 Nd5 32. Rxa7 Rf6 33. Rxf6
Nxf6 34. b4 Nd5 35. b5 g5 36. a4 Kg8 37. a5 Kf8 38. b6 Nxb6 39. axb6 Ke8 40. b7
Kd8 41. b8=Q# 1-0

[Event "DSM WK M 2009"]
[Site "Karlsruhe GER"]
[Date "2009.05.17"]
[Round "4"]
[White "Steffens, Skrolan"]
[Black "Moyrer, Maren"]
[Result "1-0"]
[Termination "normal"]
[Board "3.1"]
[WhiteElo "1195"]
[BlackElo "984"]
[WhiteTeam "Athenaeum Stade"]
[BlackTeam "Schönborn-Gymnasium Bruchsal"]
[PlyCount "51"]
[EventCountry "GER"]
[EventRounds "7"]
[EventType "team-swiss"]
[EventDate "2009.05.15"]

1. e4 e5 2. Nf3 Nc6 3. Bc4 Nf6 4. d3 Bc5 5. O-O d5 6. exd5 Nxd5 7. Re1 Qd6 8.
d4 Ndb4 9. c3 Nxd4 10. cxd4 Bg4 11. Na3 O-O-O 12. h3 Bf5 13. Nxe5 Bxd4 14. Qe2
Bxe5 15. Qxe5 Qg6 16. Qg3 Qc6 17. Bf4 Bd3 18. Bxf7 g6 19. Re7 Rd7 20. Be6 Kd8
21. Rxd7+ Qxd7 22. Bxd7 Kxd7 23. Qg4+ Bf5 24. Rd1+ Kc8 25. Qe2 b6 26. Qe5 1-0

[Event "DSM WK M 2009"]
[Site "Karlsruhe GER"]
[Date "2009.05.17"]
[Round "4"]
[White "Brambach, Selina"]
[Black "Lange, Anika"]
[Result "1/2-1/2"]
[Termination "normal"]
[Board "3.2"]
[WhiteElo "967"]
[BlackElo "1221"]
[WhiteTeam "Schönborn-Gymnasium Bruchsal"]
[BlackTeam "Athenaeum Stade"]
[PlyCount "60"]
[BlackFideId "24693405"]
[EventCountry "GER"]
[EventRounds "7"]
[EventType "team-swiss"]
[EventDate "2009.05.15"]

1. e4 g6 2. d4 Bg7 3. Nf3 d6 4. Bf4 a6 5. Nc3 b5 6. a4 bxa4 7. Rxa4 Nd7 8. e5
Bb7 9. Bd3 dxe5 10. dxe5 Nc5 11. Rd4 Qc8 12. O-O Ne6 13. Rc4 Nxf4 14. Rxf4 e6
15. Re1 Ne7 16. Ng5 O-O 17. h4 h6 18. Nh3 c5 19. h5 Qc7 20. Qe2 g5 21. Rg4 Nf5
22. Bxf5 exf5 23. Rc4 Qc6 24. f3 a5 25. e6 Ba6 26. e7 Rfe8 27. f4 Bxc4 28. Qxc4
Ra7 29. fxg5 Raxe7 30. Rxe7 Rxe7 1/2-1/2

[Event "DSM WK M 2009"]
[Site "Karlsruhe GER"]
[Date "2009.05.17"]
[Round "4"]
[White "Wilkens, Samantha"]
[Black "Bürger, Nicoletta"]
[Result "0-1"]
[Termination "normal"]
[Board "3.3"]
[WhiteElo "1006"]
[BlackElo "984"]
[WhiteTeam "Athenaeum Stade"]
[BlackTeam "Schönborn-Gymnasium Bruchsal"]
[PlyCount "68"]
[EventCountry "GER"]
[EventRounds "7"]
[EventType "team-swiss"]
[EventDate "2009.05.15"]

1. Nf3 e6 2. d4 d5 3. Bf4 c5 4. e3 Nc6 5. c3 Qb6 6. Qc1 Bd7 7. Bd3 Rc8 8. Nbd2
cxd4 9. exd4 Nf6 10. Qb1 Be7 11. O-O O-O 12. Ne5 Nxe5 13. dxe5 Ng4 14. Bxh7+
Kh8 15. h3 Nh6 16. Bxh6 gxh6 17. Bc2 Rg8 18. Nb3 Bh4 19. Qd1 Bb5 20. Qh5 Bg5
21. Nd4 Bxf1 22. Rxf1 Qxb2 23. f4 Qxc3 24. fxg5 Qxd4+ 25. Kh1 Rg7 26. Rxf7 Qa1+
27. Kh2 Qxe5+ 28. Kg1 Qxg5 29. Qxg5 Rxg5 30. Rh7+ Kg8 31. Rxh6 Rxc2 32. Kh2
Rcxg2+ 33. Kh1 Rg1+ 34. Kh2 R5g2# 0-1

[Event "DSM WK M 2009"]
[Site "Karlsruhe GER"]
[Date "2009.05.17"]
[Round "4"]
[White "Bischoff, Marlene"]
[Black "Lienau, Marei"]
[Result "1-0"]
[Termination "normal"]
[Board "3.4"]
[WhiteElo "966"]
[BlackElo "959"]
[WhiteTeam "Schönborn-Gymnasium Bruchsal"]
[BlackTeam "Athenaeum Stade"]
[PlyCount "49"]
[EventCountry "GER"]
[EventRounds "7"]
[EventType "team-swiss"]
[EventDate "2009.05.15"]

1. e4 c5 2. Nf3 Nc6 3. d4 cxd4 4. Nxd4 g6 5. Nc3 Bg7 6. Nxc6 bxc6 7. Qf3 Nf6 8.
Bc4 O-O 9. O-O Qb6 10. Re1 Bb7 11. e5 c5 12. Nd5 Nxd5 13. Bxd5 Rab8 14. Bg5 e6
15. Bxb7 Rxb7 16. b3 d6 17. Bf6 Bxf6 18. exf6 Qb4 19. Re4 Qd2 20. Rh4 Rb4 21.
Rxb4 cxb4 22. Qe3 Qxc2 23. Qh6 Qxf2+ 24. Kxf2 Kh8 25. Qxf8# 1-0

[Event "DSM WK M 2009"]
[Site "Karlsruhe GER"]
[Date "2009.05.17"]
[Round "4"]
[White "Kinzel, Tiffany"]
[Black "Heinemann, Josefine"]
[Result "1-0"]
[Termination "normal"]
[Board "4.1"]
[WhiteElo "1765"]
[BlackElo "1120"]
[WhiteTeam "Staatliches Gymnasium Arnstadt"]
[BlackTeam "Werner-von-Siemens-Gymnasium Magdeburg"]
[PlyCount "117"]
[WhiteFideId "4633741"]
[BlackFideId "12900460"]
[EventCountry "GER"]
[EventRounds "7"]
[EventType "team-swiss"]
[EventDate "2009.05.15"]

1. Nc3 e5 2. Nf3 Nc6 3. d4 exd4 4. Nxd4 Nf6 5. e4 Bc5 6. Be3 Bb4 7. Nxc6 bxc6
8. Bd3 d5 9. exd5 cxd5 10. a3 Bxc3+ 11. bxc3 Ng4 12. Bd4 Qe7+ 13. Qe2 Qxe2+ 14.
Bxe2 O-O 15. O-O Nh6 16. Rfe1 Re8 17. Bb5 Rxe1+ 18. Rxe1 Bf5 19. Bc6 Rd8 20.
Bxd5 Bxc2 21. Bxa7 g6 22. Bc4 Nf5 23. f3 Ra8 24. Bc5 Ra5 25. Bb4 Ra8 26. g4 Nh4
27. Kf2 g5 28. Re7 Rf8 29. Rxc7 Rd8 30. Rxf7 Rd2+ 31. Kg3 Rg2+ 32. Kh3 Bg6 33.
Rf5+ Kg7 34. Bf8+ Kh8 35. Rxg5 Rxh2+ 36. Kxh2 Nxf3+ 37. Kg3 Nxg5 38. Bd5 Ne4+
39. Bxe4 Bxe4 40. c4 Kg8 41. Bb4 Kg7 42. a4 Bc6 43. a5 Kf6 44. a6 Ke5 45. Bc5
Ke4 46. Bb6 Kd3 47. c5 Kc4 48. Kh4 Kb5 49. a7 Be4 50. Kh5 Kc6 51. a8=Q+ Kb5 52.
Qxe4 Ka6 53. Bd8 Kb5 54. Qe7 Kc4 55. c6 Kb5 56. c7 Ka4 57. c8=Q Kb3 58. Qeb7+
Ka4 59. Qca8# 1-0

[Event "DSM WK M 2009"]
[Site "Karlsruhe GER"]
[Date "2009.05.17"]
[Round "4"]
[White "Peschos, Celine"]
[Black "Jünger, Theresa"]
[Result "0-1"]
[Termination "normal"]
[Board "4.2"]
[WhiteElo "981"]
[BlackElo "1422"]
[WhiteTeam "Werner-von-Siemens-Gymnasium Magdeburg"]
[BlackTeam "Staatliches Gymnasium Arnstadt"]
[PlyCount "78"]
[EventCountry "GER"]
[EventRounds "7"]
[EventType "team-swiss"]
[EventDate "2009.05.15"]

1. e4 c5 2. Nf3 d6 3. d4 cxd4 4. Nxd4 Nf6 5. Nc3 a6 6. Bd3 e6 7. Be3 Qc7 8. f4
b5 9. a3 Bb7 10. Qd2 Nbd7 11. Nf3 Nc5 12. b3 Ncxe4 13. Nxe4 Bxe4 14. Bxe4 Nxe4
15. Qd3 Nf6 16. O-O Be7 17. h3 Rc8 18. Rac1 d5 19. a4 Bc5 20. Nd4 Qb7 21. c3
O-O 22. b4 Ba7 23. axb5 axb5 24. Nxb5 Bxe3+ 25. Qxe3 Qxb5 26. Kh2 Rc6 27. g4
Ne4 28. g5 Rxc3 29. Rxc3 Nxc3 30. Qc1 Qe2+ 31. Kg1 Qd3 32. Kg2 Ra8 33. h4 Ra2+
34. Rf2 Rxf2+ 35. Kxf2 Qe2+ 36. Kg3 Ne4+ 37. Kh3 Qf3+ 38. Kh2 Qg3+ 39. Kh1 Nf2#
0-1

[Event "DSM WK M 2009"]
[Site "Karlsruhe GER"]
[Date "2009.05.17"]
[Round "4"]
[White "Schätz, Bianca"]
[Black "Zander, Carolin"]
[Result "1-0"]
[Termination "normal"]
[Board "4.3"]
[WhiteElo "1458"]
[BlackElo "800"]
[WhiteTeam "Staatliches Gymnasium Arnstadt"]
[BlackTeam "Werner-von-Siemens-Gymnasium Magdeburg"]
[PlyCount "87"]
[WhiteFideId "24655821"]
[EventCountry "GER"]
[EventRounds "7"]
[EventType "team-swiss"]
[EventDate "2009.05.15"]

1. e4 e5 2. Nf3 Nf6 3. Nc3 Nc6 4. d3 Bb4 5. Bd2 d6 6. Be2 Be6 7. O-O Nh5 8.
Nxe5 dxe5 9. Bxh5 Qf6 10. Bg4 Qg6 11. Bxe6 Qxe6 12. Nd5 Qd7 13. Nxb4 Nd4 14.
Nd5 O-O-O 15. Be3 Nb5 16. a4 Nd6 17. Bxa7 g5 18. Bb6 Rde8 19. Nf6 Qe7 20. Nxe8
Nxe8 21. Qg4+ Kd8 22. Be3 h5 23. Qxg5 h4 24. Qxe7+ Kxe7 25. a5 Rg8 26. h3 Kd8
27. a6 bxa6 28. Rxa6 Kc8 29. Rfa1 Kd7 30. R1a5 Nd6 31. Ra7 Nc8 32. Rd5+ Kc6 33.
Ra6+ Kb7 34. Rf6 Ne7 35. Rb5+ Kc8 36. Rxf7 Ng6 37. Rc5 Kd8 38. Bg5+ Ke8 39.
Rcxc7 Nh8 40. Rfe7+ Kf8 41. Bh6+ Rg7 42. Rxg7 Nf7 43. Rgxf7+ Ke8 44. Rf8# 1-0

[Event "DSM WK M 2009"]
[Site "Karlsruhe GER"]
[Date "2009.05.17"]
[Round "4"]
[White "Walther, Laura"]
[Black "Gregorzewski, Marie Sophie"]
[Result "0-1"]
[Termination "normal"]
[Board "4.4"]
[WhiteElo "800"]
[BlackElo "1126"]
[WhiteTeam "Werner-von-Siemens-Gymnasium Magdeburg"]
[BlackTeam "Staatliches Gymnasium Arnstadt"]
[PlyCount "58"]
[EventCountry "GER"]
[EventRounds "7"]
[EventType "team-swiss"]
[EventDate "2009.05.15"]

1. e4 d5 2. Nc3 Nf6 3. Bb5+ c6 4. Bd3 e5 5. Nf3 Bd6 6. O-O O-O 7. b3 Bg4 8. Be2
dxe4 9. Ng5 Bf5 10. d3 exd3 11. cxd3 Nbd7 12. Bh5 g6 13. Bf3 Re8 14. Re1 Nc5
15. Re3 Bc7 16. Be2 Qd6 17. Nf3 Rac8 18. Ba3 b6 19. Na4 Ng4 20. b4 Nxe3 21.
fxe3 Nxa4 22. d4 Nc3 23. Qd2 Nxe2+ 24. Qxe2 exd4 25. exd4 Rxe2 26. g3 Be4 27.
Rf1 Bxf3 28. Rxf3 Qxd4+ 29. Kf1 Qd1# 0-1